Statistics for NFL Players with the Most Pro Bowl Selections

Click here to take the quiz!

General Stats

  • This quiz has been taken 95 times
  • The average score is 16 of 41

Answer Stats

SelectionsYearsTeam(s)Player% Correct
152000-PresentPatriots, BucsTom Brady
100%
141998-2015Colts, Broncos+Peyton Manning
96%
132001-2020Chargers, SaintsDrew Brees
80%
131985-200449ers, Raiders+Jerry Rice
80%
102005-PresentPackersAaron Rodgers
78%
141997-2013Chiefs, Falcons+Tony Gonzalez
78%
111991-2010Packers, Jets, Vikings+Brett Favre
64%
111985-2003Bills+Bruce Smith
64%
121996-2012Ravens+Ray Lewis
59%
131985-2000Eagles, Packers+Reggie White
59%
112004-2020CardinalsLarry Fitzgerald
58%
101989-1998Lions+Barry Sanders
57%
102007-2017BrownsJoe Thomas
51%
101956-1973Colts+Johnny Unitas
46%
101969-1981Steelers+Joe Greene
44%
101981-1993Giants+Lawrence Taylor
42%
111994-2007Cowboys, 49ers+Larry Allen
40%
101981-1992Bears+Mike Singletary
36%
111980-1992Bengals+Anthony Muñoz
35%
141983-2001Oilers, Titans+Bruce Matthews
35%
112003-2020CowboysJason Witten
35%
121999-2013Redskins, Broncos+Champ Bailey
33%
111987-2003Steelers, Ravens, Raiders+Rod Woodson
31%
121990-2009Chargers+Junior Seau
27%
111995-2008Bucs+Derrick Brooks
26%
101981-199449ers, Raiders+Ronnie Lott
23%
111996-2007Ravens+Jonathan Ogden
22%
141962-1976Rams+Merlin Olsen
22%
111961-1974Cowboys+Bob Lilly
21%
121960-1974Raiders+Jim Otto
17%
102008-PresentPatriotsMatthew Slater
17%
111993-2005Saints, Chiefs+Willie Roaf
14%
121988-2001Vikings, Bucs+Randall McDaniel
12%
111966-1978Rams+Tom Mack
12%
121993-2006Chiefs+Will Shields
11%
101953-1965Lions+Joe Schmidt
9%
121967-1980Oilers, Redskins+Ken Houston
9%
111952-1966Colts+Gino Marchetti
7%
101953-1967Packers, Eagles+Jim Ringo
5%
101964-1977Cowboys+Mel Renfro
5%
101950-196349ers+Leo Nomellini
4%

Score Distribution

Percentile by Number Answered

Percent of People with Each Score

Your Score History

You have not taken this quiz